• 首页
  • 本馆介绍
  • 公告通知
  • 最新文献
  • 馆藏检索
  • 电子资源
  • 读者导购
  • 参考咨询
  • 我的图书馆
  • 登录
  • 详细信息显示
  • 放入我的书架
  • 预约/预借图书
  • 作者相关作品
  • 分类相关作品
  • 丛书相关作品
  • 出版社相关作品

书目信息

  • 表格格式
  • 工作单格式
  • 卡片格式
题名:
鄱阳湖湿地生态系统评估
    
 
作者: 王晓鸿 主编
分册:  
出版信息: 北京   科学出版社  2004
页数: 216页
开本: 26cm
丛书名: 生命之河系列丛书
单 册:
中图分类: P942.560.78 , Q147
科图分类:
主题词: 沼泽化地 , 生态系统 , 生物学:生态学
电子资源:
ISBN: 7-03-013872-4
000 01141nam0 2200325 450
000 01099nam0 2200301 450
000 01025nam0 2200277 450
000 00988nam0 2200265 45
005 20070528132408.67
010    @a7-03-013872-4@dCNY42.00
100    @a20070418d2004 em y0chiy0120 ea
101 0  @achi
102    @aCN@b110000
105    @aa z 000yy
200 1  @a鄱阳湖湿地生态系统评估@APo Yang Hu Shi Di Sheng Tai Xi Tong Ping Gu@f王晓鸿主编 @FWang Xiao Hong Zhu Bian
210    @a北京@c科学出版社@d2004
215    @a216页@c图@d26cm
225 2  @a生命之河系列丛书
330    @a本书概述了生态系统评估研究动态,介绍了生态系统评估的基本方法,进而以中国和世界的重要湿地--鄱阳湖湿地为例,对鄱阳湖湿地生态系统进行了评估研究,分析了这种变化的驱动力和水环境承载力等。
410  0 @12001 @a生命之河系列丛书
606 0  @a沼泽化地
606 0  @a生态系统
606 0  @a生物学:生态学
607    @a鄱阳湖
607    @a鄱阳湖@x沼泽化地@x生态系统@x评估
690    @aP942.560.78@v4
690    @aQ147@v3
701  0 @a王晓鸿@AWang Xiao Hong@c(农艺师) @4主编
801  0 @aCN@bTAOJIN@c20070528
905    @a10447@dQ147@e119
    
    鄱阳湖湿地生态系统评估/王晓鸿主编 .-北京:科学出版社,2004
    216页:图;26cm.-(生命之河系列丛书)
    
    
    ISBN 7-03-013872-4:CNY42.00
    本书概述了生态系统评估研究动态,介绍了生态系统评估的基本方法,进而以中国和世界的重要湿地--鄱阳湖湿地为例,对鄱阳湖湿地生态系统进行了评估研究,分析了这种变化的驱动力和水环境承载力等。
●
相关链接 在E读中查询图书 在五车中查询图书 在当当中查询图书 在豆瓣中查询图书


正题名:鄱阳湖湿地生态系统评估     索取号:Q147/119         预约/预借

序号 登录号 条形码 馆藏地/架位号 状态 备注
1 0523266   205232666   第二样本阅览室/ [索取号:Q147/119] 在馆    
2 0523267   205232675   第三借阅区/ [索取号:Q147/119] 在馆    
3 0523268   205232684   第三借阅区/ [索取号:Q147/119] 在馆    
4 0523269   205232693   第三借阅区/ [索取号:Q147/119] 在馆    
5 0523270   205232700   第三借阅区/ [索取号:Q147/119] 在馆    
6 0523271   205232719   第三借阅区/ [索取号:Q147/119] 在馆    
7 0523272   205232728   第三借阅区/ [索取号:Q147/119] 在馆    
8 0523273   205232737   第三借阅区/ [索取号:Q147/119] 在馆    
唐山师范学院图书馆 欢迎您!
大连网信软件有限公司© 版权所有